Mann Ki Baat/ (Record no. 208947)
[ view plain ]
| 000 -LEADER | |
|---|---|
| fixed length control field | 00657nam a22002057a 4500 |
| 005 - DATE AND TIME OF LATEST TRANSACTION | |
| control field | 20250206122813.0 |
| 010 ## - LCCN (DPL NO) | |
| LC control number | ENG-143715 |
| 020 ## - INTERNATIONAL STANDARD BOOK NUMBER | |
| International Standard Book Number | 9380515456 |
| Terms of availability | 995.00 |
| 035 ## - SYSTEM CONTROL NUMBER | |
| System control number | EN-127247 |
| 037 ## - SOURCE OF ACQUISITION | |
| Source of stock number/acquisition | DBAD |
| 082 ## - DEWEY DECIMAL CLASSIFICATION NUMBER | |
| Classification number | 300 |
| 100 ## - MAIN ENTRY--PERSONAL NAME | |
| Personal name | Kishore Kamal Goyanka |
| 245 ## - TITLE STATEMENT | |
| Title | Mann Ki Baat/ |
| Statement of responsibility, etc | By Kamal Kishore Goyanka |
| 260 ## - PUBLICATION, DISTRIBUTION, ETC. (IMPRINT) | |
| Place of publication, distribution, etc | Delhi |
| Name of publisher, distributor, etc | Manshi Prakashan |
| Date of publication, distribution, etc | 2022 |
| 270 ## - ADDRESS | |
| Address | 4760-61,Second floor, 23, Ansari Road Daryaganj, |
| City | New Delhi |
| Postal code | 110032 |
| 300 ## - PHYSICAL DESCRIPTION | |
| Extent | xi, 119p. |
| Other physical details | Conclusion, Reference |
| Dimensions | 22cm(pbk) |
| 700 ## - ADDED ENTRY--PERSONAL NAME | |
| Personal name | Kishore Kamal Goyanka |
| Relator term | Author |
| 9 (RLIN) | 77415 |
| 700 ## - ADDED ENTRY--PERSONAL NAME | |
| Personal name | Gollamudi, Prabhu |
| 9 (RLIN) | 77416 |
| 942 ## - ADDED ENTRY ELEMENTS (KOHA) | |
| Source of classification or shelving scheme | Dewey Decimal Classification |
| Item type | English Books |
| Classification part | 300 |
| Call number suffix | KISH |
No items available.
